[Event "ICS Rated blitz match"]
[Site "207.99.83.229"]
[Date "1999.07.15"]
[Round "?"]
[White "DiepX"]
[Black "Hossa"]
[Result "1-0"]
[WhiteElo "2595"]
[BlackElo "2319"]
[PlyCount "58"]
[EventDate "1999.??.??"]

1. e4 Nf6 2. e5 Nd5 3. d4 d6 4. Nf3 Bg4 5. Be2 c6 6. c4 Bxf3 7. Bxf3 Nb6 8. b3
dxe5 9. dxe5 Qxd1+ 10. Kxd1 e6 11. Ke2 N8d7 12. Bb2 O-O-O 13. Nd2 f6 14. exf6
gxf6 15. Ne4 e5 16. g4 Rg8 17. Rad1 Bb4 18. h3 Rge8 19. Kd3 f5 20. gxf5 Rf8 21.
Ke2 Rg8 22. f6 Kb8 23. Bg4 Ka8 24. a3 Bf8 25. Rd3 h5 26. Be6 Rh8 27. Rhd1 Rh7
28. Bf5 Rh6 29. Bxd7 29... a6 {Hossa resigns} 1-0

[Event "ICS Rated blitz match"]
[Site "207.99.83.229"]
[Date "1999.07.15"]
[Round "?"]
[White "Amateur"]
[Black "Hossa"]
[Result "1-0"]
[WhiteElo "2490"]
[BlackElo "2341"]
[PlyCount "127"]
[EventDate "1999.??.??"]

1. d4 d5 2. c4 e6 3. Nc3 Nf6 4. Bg5 Be7 5. Nf3 c6 6. e3 Nbd7 7. cxd5 exd5 8.
Bd3 O-O 9. O-O Ne4 10. Bxe4 Bxg5 11. Bd3 Bf6 12. Qc2 g6 13. Qb3 Nb6 14. a4 Re8
15. a5 Nd7 16. e4 dxe4 17. Nxe4 Re7 18. Rfe1 Bg7 19. Neg5 Bxd4 20. Nxf7 Rxf7
21. Bc4 Nc5 22. Bxf7+ Kg7 23. Qc4 Bxb2 24. Rab1 Ba3 25. Be8 Qf6 26. Qa2 Nd3 27.
Qxa3 Nxe1 28. Rxe1 Be6 29. a6 Rxe8 30. axb7 a5 31. Qxa5 h6 32. Qa7 Kh8 33. Nd4
Rd8 34. Nxc6 Rg8 35. Ne7 Rd8 36. f4 Re8 37. f5 gxf5 38. Nd5 Qb2 39. Nf4 Qc3 40.
Ng6+ Kg8 41. Re2 Qc1+ 42. Kf2 Qc7 43. Ne7+ Kf7 44. Nd5 Qb8 45. Qd4 Qd8 46. b8=Q
Qxb8 47. Qf6+ Kg8 48. Qg6+ Kf8 49. Qxh6+ Kf7 50. Qh7+ Kf8 51. Qh8+ Kf7 52. Qf6+
Kg8 53. Rxe6 Qa7+ 54. Kf3 Qa3+ 55. Kf4 Qa4+ 56. Ke3 Qb3+ 57. Kf4 Qa4+ 58. Kg5
Qg4+ 59. Kh6 Qh4+ 60. Qxh4 Rxe6+ 61. Kg5 Ra6 62. Qc4 Ra7 63. Nf6+ Kf8 64. Qc5+
{Hossa resigns} 1-0

[Event "ICS Rated blitz match"]
[Site "207.99.83.229"]
[Date "1999.07.15"]
[Round "?"]
[White "Hossa"]
[Black "JudgeTurpin"]
[Result "0-1"]
[WhiteElo "2331"]
[BlackElo "2585"]
[PlyCount "50"]
[EventDate "1999.??.??"]

1. d4 d5 2. c4 c6 3. Nc3 Nf6 4. cxd5 cxd5 5. f3 e6 6. Bg5 Bd7 7. e4 dxe4 8.
fxe4 Bb4 9. Rc1 h6 10. Bxf6 Qxf6 11. Nge2 Nc6 12. d5 Ne5 13. Qd2 O-O 14. a3 Bd6
15. Nd4 exd5 16. exd5 Rae8 17. Kd1 Ng4 18. Kc2 Bf4 19. Qd3 Bxc1 20. Kxc1 Nf2
21. Qd2 Nxh1 22. Bc4 Rc8 23. Ba2 Qf1+ 24. Kc2 Nf2 25. g3 25... Rfe8 {
Hossa resigns} 0-1

[Event "ICS Rated blitz match"]
[Site "207.99.83.229"]
[Date "1999.07.15"]
[Round "?"]
[White "DiepX"]
[Black "Hossa"]
[Result "1-0"]
[WhiteElo "2573"]
[BlackElo "2325"]
[PlyCount "93"]
[EventDate "1999.??.??"]

1. e4 Nf6 2. Nc3 d5 3. e5 d4 4. exf6 dxc3 5. fxg7 cxd2+ 6. Qxd2 Qxd2+ 7. Bxd2
Bxg7 8. O-O-O Bf5 9. Bg5 Nc6 10. Nf3 Nb4 11. Bc4 Bxc2 12. Rde1 e6 13. a3 Bd3
14. Bxe6 O-O 15. Bxf7+ Rxf7 16. axb4 a5 17. bxa5 Rxa5 18. b4 Ra4 19. Re8+ Bf8
20. Rd1 Bb5 21. Red8 Kg7 22. Be3 Ra1+ 23. Kb2 Rxd1 24. Rxd1 Bxb4 25. Bd4+ Kg8
26. Ne5 Re7 27. f4 Bd6 28. g3 h5 29. Rb1 Be2 30. Kc2 c5 31. Rb6 Bxe5 32. Bxe5
c4 33. Kd2 Bf3 34. Ke3 Bd1 35. Kd4 Bb3 36. Rh6 Rh7 37. Rd6 Re7 38. Kc5 Kh7 39.
Kb4 Kg8 40. h3 Rh7 41. g4 hxg4 42. hxg4 Re7 43. g5 Ba2 44. g6 Re8 45. Rd7 b6
46. Bf6 Bb1 47. Rg7+ {Hossa resigns} 1-0

[Event "ICS Rated blitz match"]
[Site "207.99.83.229"]
[Date "1999.07.15"]
[Round "?"]
[White "Hossa"]
[Black "all-star"]
[Result "0-1"]
[WhiteElo "2345"]
[BlackElo "2495"]
[PlyCount "78"]
[EventDate "1999.??.??"]

1. d4 Nf6 2. c4 g6 3. Nc3 d5 4. cxd5 Nxd5 5. e4 Nxc3 6. bxc3 Bg7 7. Bc4 c5 8.
Ne2 Nc6 9. Bd5 cxd4 10. cxd4 Nxd4 11. Nxd4 e6 12. Qa4+ Bd7 13. Qb4 exd5 14.
exd5 Qb6 15. Qxb6 axb6 16. Bb2 Ra4 17. O-O-O O-O 18. Kb1 Rfa8 19. a3 Bf8 20. d6
Rd8 21. Kc2 Bxd6 22. Kb3 Ra5 23. Rd3 Ba4+ 24. Ka2 Rd5 25. Re1 Bc5 26. Re2 Bxd4
27. Red2 Bxb2 28. Rxd5 Rxd5 29. Rxd5 Bc1 30. g3 Kf8 31. Rd6 Bc6 32. h4 Ke7 33.
Rd1 Bh6 34. Kb3 Ke6 35. f4 Bg7 36. a4 Bf6 37. Kb4 h6 38. Rd3 Kf5 39. Kb3 39...
Kg4 {Hossa resigns} 0-1

[Event "ICS Rated blitz match"]
[Site "207.99.83.229"]
[Date "1999.07.15"]
[Round "?"]
[White "JudgeTurpin"]
[Black "Hossa"]
[Result "1-0"]
[WhiteElo "2617"]
[BlackElo "2336"]
[PlyCount "36"]
[EventDate "1999.??.??"]

1. Nf3 c6 2. c4 Nf6 3. g3 d5 4. Bg2 dxc4 5. O-O Ng4 6. Qc2 Nxh2 7. Nxh2 Qa5 8.
d3 Qh5 9. dxc4 Bh3 10. Qb3 Bxg2 11. Qxb7 Qh3 12. Qxa8 f6 13. Qxb8+ Kf7 14. Rd1
c5 15. Qxa7 f5 16. Qxc5 Be4 17. Nf3 Bxf3 18. exf3 18... e6 {Hossa resigns} 1-0

[Event "ICS Rated blitz match"]
[Site "207.99.83.229"]
[Date "1999.07.15"]
[Round "?"]
[White "DiepX"]
[Black "Hossa"]
[Result "0-1"]
[WhiteElo "2553"]
[BlackElo "2331"]
[PlyCount "124"]
[EventDate "1999.??.??"]

1. e4 Nf6 2. Nc3 d5 3. e5 d4 4. exf6 dxc3 5. fxg7 cxd2+ 6. Qxd2 Qxd2+ 7. Bxd2
Bxg7 8. O-O-O Bf5 9. Bg5 Nc6 10. Nf3 Nb4 11. Bc4 Bxc2 12. Rde1 e6 13. a3 Bd3
14. Bxe6 O-O 15. axb4 fxe6 16. Rxe6 a5 17. Kd2 Bf5 18. Re7 axb4 19. Rc1 Bxb2
20. Rcxc7 b5 21. Ke3 Ra3+ 22. Ke2 Bd3+ 23. Kd2 Bf1 24. Be3 Rd8+ 25. Red7 Bc3+
26. Kc2 Ra2+ 27. Kc1 Rxd7 28. Rxd7 Bxg2 29. Nd2 Bxd2+ 30. Bxd2 Be4 31. Rd4 Ra1+
32. Kb2 Rb1+ 33. Ka2 b3+ 34. Ka3 Bc2 35. Rf4 Ra1+ 36. Kb2 Ra2+ 37. Kc3 Bg6 38.
Kxb3 Rxd2 39. Kb4 Be8 40. Kc3 Ra2 41. h4 Ra3+ 42. Kb2 Ra4 43. Rxa4 bxa4 44. Kc3
Kg7 45. Kb4 Kg6 46. Kc4 Bb5+ 47. Kb4 Kh5 48. Kxb5 Kxh4 49. Kxa4 h5 50. Kb5 Kg4
51. Kc4 h4 52. Kd5 h3 53. Ke5 h2 54. Ke4 h1=Q+ 55. Kd4 Qc6 56. Ke5 Kf3 57. Kd4
Kxf2 58. Ke5 Kf3 59. Kd4 Qb5 60. Kc3 Ke3 61. Kc2 Qb4 62. Kd1 62... Qb1# {
DiepX checkmated} 0-1

[Event "ICS Rated blitz match"]
[Site "207.99.83.229"]
[Date "1999.07.15"]
[Round "?"]
[White "Hossa"]
[Black "DiepX"]
[Result "0-1"]
[WhiteElo "2356"]
[BlackElo "2528"]
[PlyCount "154"]
[EventDate "1999.??.??"]

1. d4 Nf6 2. c4 g6 3. Nc3 d6 4. e4 Bg7 5. f3 e5 6. dxe5 dxe5 7. Qxd8+ Kxd8 8.
Be3 Be6 9. O-O-O+ Nbd7 10. Nh3 Bxh3 11. gxh3 Ke7 12. Rg1 c6 13. Rg2 Rhd8 14.
Rgd2 Nh5 15. Kb1 Nf4 16. Bf2 Ne6 17. Bh4+ Nf6 18. Bg3 Nh5 19. Be1 Nd4 20. Bh4+
f6 21. Rf2 Bh6 22. Rd3 Nf4 23. Rd1 Nfe6 24. Re1 a5 25. Bg2 a4 26. Bg3 Nf4 27.
Bf1 Nh5 28. Ka1 Bf4 29. Bxf4 Nxf4 30. h4 a3 31. b4 b6 32. Rd1 Rab8 33. Kb1 c5
34. b5 Kd6 35. Bd3 Nh3 36. Rfd2 Ke6 37. Bf1 Nf4 38. Nd5 Nxd5 39. exd5+ Kd6 40.
Rd3 Ra8 41. Re3 Rd7 42. Bd3 f5 43. Bc2 Raa7 44. Rde1 Re7 45. Kc1 Ra8 46. Kd2
Ree8 47. Kd1 f4 48. Rc3 Re7 49. Be4 Rg7 50. Kd2 Ra4 51. Kd3 Rga7 52. Rcc1 Rb4
53. Red1 Rb2 54. Rd2 Ra4 55. h5 gxh5 56. Rcd1 Rab4 57. Rxb2 axb2 58. Kc3 Ne2+
59. Kd2 Nc1 60. Bxh7 Rxc4 61. Bb1 Kxd5 62. Rg1 Rd4+ 63. Kc2 Nd3 64. Kc3 Rc4+
65. Kd2 Rc1 66. Rd1 c4 67. Bc2 Kd4 68. Bb1 c3+ 69. Ke2 e4 70. fxe4 f3+ 71. Kxf3
Rxd1 72. Bc2 Ne1+ 73. Kg3 Nxc2 74. e5 b1=Q 75. Kh4 Ne3 76. e6 Qg6 77. Kh3 77...
Qg4# {Hossa checkmated} 0-1

[Event "ICS Rated blitz match"]
[Site "207.99.83.229"]
[Date "1999.07.15"]
[Round "?"]
[White "Hossa"]
[Black "taciturn"]
[Result "1-0"]
[WhiteElo "2347"]
[BlackElo "2098"]
[PlyCount "81"]
[EventDate "1999.??.??"]

1. d4 Nf6 2. c4 g6 3. Nc3 Bg7 4. e4 O-O 5. Be3 d6 6. Qd2 e5 7. d5 Na6 8. f3 Nc5
9. O-O-O a5 10. Bh6 Nh5 11. Bxg7 Kxg7 12. Nge2 a4 13. g4 Nf6 14. Qg5 a3 15. b3
h6 16. Qh4 Bd7 17. Bg2 b5 18. cxb5 Qb8 19. Ng3 Bxb5 20. g5 hxg5 21. Nf5+ gxf5
22. Qxg5+ Kh7 23. Qxf5+ Kg7 24. Qg5+ Kh7 25. Qxf6 Nd3+ 26. Kb1 Nf4 27. Nxb5
Qxb5 28. Rhg1 Ng6 29. Bf1 Qc5 30. Rg2 Rab8 31. Rc1 Qd4 32. Rxc7 Qd1+ 33. Rc1
Qd4 34. Ba6 Rb6 35. Bc4 Rb4 36. Qxd6 Rxc4 37. bxc4 Qd3+ 38. Rgc2 Rc8 39. Qb4
Qd4 40. Qxa3 Rb8+ 41. Rb2 {taciturn resigns} 1-0

[Event "ICS rated blitz match"]
[Site "207.99.83.229"]
[Date "1999.07.15"]
[Round "?"]
[White "taciturn"]
[Black "Hossa"]
[Result "0-1"]
[WhiteElo "2082"]
[BlackElo "2351"]
[PlyCount "84"]
[EventDate "1999.??.??"]

1. e4 Nf6 2. Nc3 d5 3. exd5 g6 4. Bc4 Bg7 5. Bb3 Na6 6. Nge2 O-O 7. Nf4 Nc5 8.
d3 Nxb3 9. axb3 Bf5 10. h3 Re8 11. Qf3 e5 12. dxe6 Bxe6 13. Nxe6 c6 14. O-O
Rxe6 15. Be3 a6 16. Rfe1 Qd6 17. Bf4 Qf8 18. Rxe6 fxe6 19. Be5 Qf7 20. d4 Rf8
21. Rf1 Qe7 22. Ne4 Nd7 23. Qg3 Nxe5 24. dxe5 Rf5 25. f4 Rf8 26. c4 Qd8 27. Qe3
Bh6 28. g3 Bg7 29. h4 Kh8 30. Nd6 b5 31. c5 Qa5 32. Kg2 Qa2 33. Qc3 a5 34. Rh1
b4 35. Qc2 a4 36. h5 axb3 37. Qe2 gxh5 38. Rxh5 Qb1 39. f5 Qc2 40. Kf3 Qxc5 41.
f6 Rxf6+ 42. Kg2 42... Qc2 {taciturn resigns} 0-1

[Event "ICS rated blitz match"]
[Site "207.99.83.229"]
[Date "1999.07.15"]
[Round "?"]
[White "Hossa"]
[Black "TioHoracio"]
[Result "1-0"]
[WhiteElo "2354"]
[BlackElo "2053"]
[PlyCount "93"]
[EventDate "1999.??.??"]

1. d4 Nf6 2. c4 c5 3. d5 e6 4. Nc3 exd5 5. cxd5 d6 6. Nf3 g6 7. Nd2 Bg7 8. e4
O-O 9. Be2 a6 10. a4 Nbd7 11. O-O Re8 12. f4 Rb8 13. f5 Ne5 14. Nb3 Bd7 15. Bg5
c4 16. fxg6 hxg6 17. Nd4 b5 18. axb5 axb5 19. Ra6 b4 20. Rxd6 bxc3 21. Bxf6
Bxf6 22. Rfxf6 cxb2 23. Qb1 Qa5 24. Nc2 Qd2 25. Bxc4 Nxc4 26. Rxd7 Ne5 27. Rc7
Nd3 28. g3 Rxe4 29. Rfxf7 Qc1+ 30. Rf1 Qxb1 31. Rxb1 Ra8 32. d6 Ree8 33. d7
Red8 34. h4 Kf7 35. Kf1 Ke7 36. Ke2 Ne5 37. Rxb2 Rxd7 38. Rxd7+ Nxd7 39. Ne3
Re8 40. Rb5 Ke6 41. h5 gxh5 42. Rxh5 Nf6 43. Rb5 Ng4 44. Nxg4 Kd6+ 45. Kf3 Kc6
46. Rb4 Kd5 47. Nf6+ {TioHoracio resigns} 1-0

[Event "ICS Rated blitz match"]
[Site "207.99.83.229"]
[Date "1999.07.15"]
[Round "?"]
[White "DiepX"]
[Black "Hossa"]
[Result "1-0"]
[WhiteElo "2526"]
[BlackElo "2359"]
[PlyCount "62"]
[EventDate "1999.??.??"]

1. e4 Nf6 2. d3 e5 3. f4 Bc5 4. fxe5 Nxe4 5. dxe4 Qh4+ 6. Kd2 Bxg1 7. Rxg1 Qxh2
8. Bb5 Qxe5 9. Nc3 O-O 10. Qe1 Nc6 11. Qe3 Re8 12. Rf1 Re6 13. Qf4 Qxf4+ 14.
Rxf4 Rg6 15. Rf2 Rd6+ 16. Ke1 a6 17. Ba4 Rg6 18. Bb3 Nd8 19. Bf4 c6 20. Na4 d6
21. Nb6 Rb8 22. Rd1 Bg4 23. Rxd6 Ne6 24. Rxe6 Bxe6 25. Bxb8 Rg4 26. Re2 Bxb3
27. axb3 Rh4 28. Kf2 f6 29. Ke3 Rh1 30. Nd7 Rb1 31. Nc5 31... b6 {Hossa resigns
} 1-0

[Event "ICS Rated blitz match"]
[Site "207.99.83.229"]
[Date "1999.07.15"]
[Round "?"]
[White "Hossa"]
[Black "DiepX"]
[Result "0-1"]
[WhiteElo "2350"]
[BlackElo "2535"]
[PlyCount "42"]
[EventDate "1999.??.??"]

1. d4 Nf6 2. c4 e6 3. Nc3 Bb4 4. Bg5 c5 5. e4 Qa5 6. Bxf6 Bxc3+ 7. Ke2 Bxb2 8.
Bxg7 Rg8 9. Rb1 Bc3 10. Bf6 Qxa2+ 11. Kf3 Nc6 12. Ne2 Rg6 13. Bh4 Bxd4 14. Nxd4
Nxd4+ 15. Ke3 d5 16. cxd5 exd5 17. f3 Re6 18. Kf4 dxe4 19. Bb5+ Kf8 20. Qc1 Qd5
21. Bc4 21... Ne2+ {Hossa resigns} 0-1

[Event "ICS Rated blitz match"]
[Site "207.99.83.229"]
[Date "1999.07.15"]
[Round "?"]
[White "DiepX"]
[Black "Hossa"]
[Result "1-0"]
[WhiteElo "2543"]
[BlackElo "2342"]
[PlyCount "53"]
[EventDate "1999.??.??"]

1. e4 Nf6 2. e5 Nd5 3. d4 d6 4. Nf3 dxe5 5. Nxe5 g6 6. c4 Nf6 7. Be3 Nc6 8.
Nxc6 bxc6 9. Nc3 Rb8 10. b3 Ng4 11. Qf3 Qd6 12. Ne4 Qa3 13. Nc5 Qb4+ 14. Bd2
Qb6 15. h3 Nf6 16. Bd3 Bg7 17. O-O O-O 18. Rae1 Rd8 19. b4 Rxd4 20. Bc3 e5 21.
Rxe5 Rd6 22. Re7 Kf8 23. Rfe1 a5 24. Ne4 Kxe7 25. c5 Rxd3 26. Qxd3 Qa7 27.
Nxf6+ {Hossa resigns} 1-0

[Event "ICS Rated blitz match"]
[Site "207.99.83.229"]
[Date "1999.07.15"]
[Round "?"]
[White "Hossa"]
[Black "DiepX"]
[Result "1/2-1/2"]
[WhiteElo "2334"]
[BlackElo "2551"]
[PlyCount "151"]
[EventDate "1999.??.??"]

1. d4 d5 2. c4 e5 3. dxe5 d4 4. h3 Bb4+ 5. Bd2 Bxd2+ 6. Nxd2 Nc6 7. Ngf3 Nge7
8. Nb3 Be6 9. Nbxd4 Bxc4 10. e4 Bxf1 11. Rxf1 O-O 12. Nxc6 Nxc6 13. Qxd8 Rfxd8
14. Ke2 Re8 15. Rac1 f6 16. exf6 Rxe4+ 17. Kd3 Ra4 18. fxg7 Nb4+ 19. Kc3 Nxa2+
20. Kb3 Nxc1+ 21. Kxa4 Nd3 22. Kb3 Kxg7 23. Nd4 Kf6 24. Nb5 c6 25. Nc3 Rd8 26.
Rd1 a5 27. Kc2 Nb4+ 28. Kb3 Rxd1 29. Nxd1 b5 30. Kc3 Ke5 31. Kd2 a4 32. g3 Nd5
33. Ne3 Ke4 34. Nc2 Kf3 35. Ke1 c5 36. Na3 Nb6 37. Nxb5 Nc4 38. Na3 Nxb2 39.
Kd2 Kxf2 40. Kc2 Kxg3 41. Kxb2 Kxh3 42. Nc4 Kg4 43. Ka3 Kf4 44. Kxa4 Ke4 45.
Kb3 Kd4 46. Nb2 h6 47. Nd1 h5 48. Nf2 c4+ 49. Kc2 h4 50. Nh3 c3 51. Nf4 Kc4 52.
Ne2 h3 53. Ng3 Kd4 54. Nf1 Ke5 55. Nh2 Ke4 56. Nf1 Kd5 57. Kd3 Ke5 58. Nh2 Kf4
59. Nf1 Kf3 60. Kxc3 Kf2 61. Nh2 Ke3 62. Kc4 Ke4 63. Kc5 Ke5 64. Kc6 Kf4 65.
Kd5 Kg3 66. Nf1+ Kf2 67. Nh2 Kg2 68. Ng4 Kg3 69. Ne3 Kf4 70. Nf1 Kf5 71. Ne3+
Kg5 72. Nf1 Kf4 73. Nh2 Kf5 74. Nf3 Kg4 75. Nh2+ Kf4 76. Kd4 {
Game drawn by mutual agreement} 1/2-1/2

[Event "ICS Rated blitz match"]
[Site "207.99.83.229"]
[Date "1999.07.15"]
[Round "?"]
[White "DiepX"]
[Black "Hossa"]
[Result "1-0"]
[WhiteElo "2542"]
[BlackElo "2343"]
[PlyCount "52"]
[EventDate "1999.??.??"]

1. e4 Nf6 2. Nc3 d6 3. f4 c5 4. Nf3 Nc6 5. d3 d5 6. exd5 Nxd5 7. Be2 Nxc3 8.
bxc3 Qa5 9. Bd2 Be6 10. O-O Rd8 11. Ne5 Qc7 12. Nxc6 Qxc6 13. c4 Qd6 14. Bc3
Qa6 15. Qc1 Rd6 16. f5 Bd7 17. Rb1 Ba4 18. Re1 Rb6 19. Qf4 Kd7 20. Qb8 Rxb1 21.
Rxb1 Bc6 22. d4 cxd4 23. Bxd4 e5 24. f6 h5 25. Rd1 Bd5 26. Bf2 26... g6 {
Hossa resigns} 1-0

[Event "ICS Rated blitz match"]
[Site "207.99.83.229"]
[Date "1999.07.15"]
[Round "?"]
[White "Hossa"]
[Black "DiepX"]
[Result "0-1"]
[WhiteElo "2335"]
[BlackElo "2550"]
[PlyCount "52"]
[EventDate "1999.??.??"]

1. d4 d5 2. c4 e5 3. dxe5 d4 4. Nf3 Nc6 5. e3 Bb4+ 6. Bd2 dxe3 7. fxe3 Bxd2+ 8.
Nbxd2 Nh6 9. Qb3 O-O 10. O-O-O Ng4 11. Ne4 Qe7 12. Be2 f6 13. Rhf1 a5 14. c5+
Kh8 15. exf6 Qxe4 16. fxg7+ Kxg7 17. Rd3 Nb4 18. Rd2 Bf5 19. Rd4 Qxe3+ 20. Qxe3
Nxe3 21. Rf2 Nxa2+ 22. Kd2 Nc2 23. Rd5 Ncb4 24. Rd4 Rad8 25. Kd1 Bg6 26. Rxd8
26... Rxd8+ {Hossa resigns} 0-1

[Event "ICS Rated blitz match"]
[Site "207.99.83.229"]
[Date "1999.07.15"]
[Round "?"]
[White "DiepX"]
[Black "Hossa"]
[Result "1-0"]
[WhiteElo "2557"]
[BlackElo "2328"]
[PlyCount "40"]
[EventDate "1999.??.??"]

1. e4 Nf6 2. Nc3 d6 3. d4 Nbd7 4. Nf3 e5 5. Bc4 Be7 6. O-O O-O 7. a4 Ng4 8. Bd2
Bh4 9. h3 Nb6 10. Bd3 Nxf2 11. Rxf2 Bxf2+ 12. Kxf2 exd4 13. Nxd4 Qh4+ 14. Kg1
Bxh3 15. a5 Bxg2 16. Kxg2 Nd7 17. Nf5 Qf6 18. Nd5 Qd8 19. Nfe7+ Kh8 20. Qh5
20... Nf6 {Hossa resigns} 1-0

[Event "ICS Rated blitz match"]
[Site "207.99.83.229"]
[Date "1999.07.15"]
[Round "?"]
[White "Beadle"]
[Black "Hossa"]
[Result "1-0"]
[WhiteElo "2546"]
[BlackElo "2342"]
[PlyCount "71"]
[EventDate "1999.??.??"]

1. d4 d5 2. Nf3 Nf6 3. c4 dxc4 4. e3 Bf5 5. Bxc4 e6 6. Qb3 Qc8 7. Nc3 Be7 8. d5
O-O 9. e4 exd5 10. Nxd5 Nxd5 11. Bxd5 c6 12. Bxf7+ Rxf7 13. exf5 Nd7 14. Be3
Qc7 15. O-O c5 16. Qe6 Nf8 17. Qc4 Bf6 18. Rac1 Bxb2 19. Rc2 Bf6 20. Qxc5 Qd7
21. Rd2 Qa4 22. Rc1 Qg4 23. Qd5 Qb4 24. Bc5 Qg4 25. Rb1 Rb8 26. Bxf8 Rbxf8 27.
Rxb7 a6 28. Qe6 Qh5 29. Rdd7 g5 30. h3 a5 31. g4 Qxh3 32. Rxf7 Qxg4+ 33. Kf1
Qh3+ 34. Ke2 Rxf7 35. Qxf7+ Kh8 36. Qf8# {Hossa checkmated} 1-0

[Event "ICS Rated blitz match"]
[Site "207.99.83.229"]
[Date "1999.07.15"]
[Round "?"]
[White "Hossa"]
[Black "Beadle"]
[Result "0-1"]
[WhiteElo "2334"]
[BlackElo "2554"]
[PlyCount "135"]
[EventDate "1999.??.??"]

1. d4 d5 2. c4 e6 3. Nc3 Be7 4. Bf4 Nf6 5. e3 Bd6 6. Bxd6 Qxd6 7. Qa4+ Bd7 8.
c5 Qe7 9. Bb5 a6 10. Nge2 Bxb5 11. Nxb5 Nc6 12. Nbc3 O-O-O 13. O-O e5 14. Rad1
Kb8 15. dxe5 Nxe5 16. Qa3 Nc4 17. Qb4 a5 18. Nxd5 Rxd5 19. Qxc4 Rxc5 20. Qb3
Re8 21. Rd4 Qe6 22. Nc3 Qxb3 23. axb3 Rf5 24. Rfd1 c5 25. R4d3 Rc8 26. Nb5 Ne8
27. Rd8 Rf6 28. R1d5 Rfc6 29. Rxc8+ Rxc8 30. Rd7 f6 31. Nc3 Ka7 32. Rd5 Kb6 33.
Na4+ Kb5 34. Rd7 Rc7 35. Rd8 Re7 36. Rd5 Re5 37. Rd3 Kc6 38. Nc3 Re6 39. Rd8
Nd6 40. Ra8 b6 41. Rh8 h6 42. Rb8 Re5 43. Kf1 Rh5 44. Rg8 Rg5 45. Ra8 Rg4 46.
Nb1 Rh4 47. Kg1 g6 48. Rd8 Rb4 49. Nd2 Ne4 50. Nxe4 Rxe4 51. Rg8 g5 52. Rg6 Kd7
53. Rxf6 Rb4 54. Rxh6 Rxb3 55. Rg6 c4 56. f3 Rxb2 57. Rxg5 c3 58. Rg7+ Ke6 59.
Rg6+ Kd5 60. e4+ Kc5 61. Rg8 c2 62. Rc8+ Kd4 63. g3 Rb1+ 64. Kf2 c1=Q 65. Rxc1
Rxc1 66. e5 a4 67. f4 a3 68. Kf3 {Hossa resigns} 0-1

[Event "ICS rated blitz match"]
[Site "207.99.83.229"]
[Date "1999.07.15"]
[Round "?"]
[White "Beadle"]
[Black "Hossa"]
[Result "1-0"]
[WhiteElo "2561"]
[BlackElo "2327"]
[PlyCount "34"]
[EventDate "1999.??.??"]

1. e4 Nf6 2. e5 Nd5 3. c4 Nb6 4. d4 d6 5. f4 dxe5 6. fxe5 e6 7. Nf3 Be7 8. Nc3
a6 9. Bd3 Bb4 10. Bg5 f6 11. exf6 gxf6 12. Ne5 Ke7 13. Bxf6+ Kxf6 14. Qf3+ Ke7
15. Qf7+ Kd6 16. O-O-O Qg5+ 17. Kb1 17... Qxg2 {Hossa resigns} 1-0

[Event "ICS Rated blitz match"]
[Site "207.99.83.229"]
[Date "1999.07.15"]
[Round "?"]
[White "BabaHasan"]
[Black "Hossa"]
[Result "0-1"]
[WhiteElo "2234"]
[BlackElo "2314"]
[PlyCount "112"]
[EventDate "1999.??.??"]

1. e4 Nf6 2. e5 Nd5 3. c4 Nb6 4. c5 Nd5 5. Nc3 Nxc3 6. dxc3 Nc6 7. Bf4 e6 8. b4
f6 9. Nf3 Be7 10. Bd3 fxe5 11. Bg3 O-O 12. Qc2 h6 13. h4 a5 14. Ng5 hxg5 15.
Bh7+ Kh8 16. hxg5 Bxg5 17. b5 Ne7 18. Be4+ Bh6 19. Bh4 Rf7 20. Bg6 Rf4 21. Bg5
Qf8 22. f3 Rc4 23. Bd3 Rxc5 24. Kf2 Nd5 25. Rxh6+ gxh6 26. Rh1 Rxc3 27. Qd2
Qc5+ 28. Kg3 Qd4 29. Bf6+ Kg8 30. Bh7+ Kf7 31. Qxd4 exd4 32. Bxd4 Ra3 33. Rxh6
Rxa2 34. Be4 Ke7 35. Be5 d6 36. Rh7+ Kd8 37. Rh8+ Kd7 38. Rh7+ Ne7 39. Bf6 d5
40. Rxe7+ Kd6 41. Bg6 Bd7 42. Rg7 Bxb5 43. f4 Bd7 44. Be5+ Kc6 45. f5 exf5 46.
Bf7 Rf8 47. Rg6+ Kc5 48. Rf6 Rc8 49. Bh5 Rg8+ 50. Kf3 Rgxg2 51. Bg3 Ba4 52. Bf7
Bd1+ 53. Kf4 Ra4+ 54. Kxf5 Rxg3 55. Bh5 Bxh5 56. Rf7 56... Rf3+ {
BabaHasan resigns} 0-1

[Event "ICS Rated blitz match"]
[Site "207.99.83.229"]
[Date "1999.07.15"]
[Round "?"]
[White "Hossa"]
[Black "occam"]
[Result "0-1"]
[WhiteElo "2326"]
[BlackElo "2318"]
[PlyCount "118"]
[EventDate "1999.??.??"]

1. d4 d6 2. c4 b6 3. e4 Nf6 4. Bd3 Nbd7 5. Ne2 c5 6. O-O cxd4 7. Nxd4 e5 8. Nc6
Qc7 9. Nb4 a5 10. Nd5 Nxd5 11. exd5 Be7 12. Qg4 g6 13. Qe2 O-O 14. Bh6 Rd8 15.
Nc3 f5 16. Nb5 Qb7 17. Nd4 Re8 18. Ne6 Nc5 19. Ng7 Rd8 20. Rad1 Bf6 21. Ne6
Nxe6 22. dxe6 Bxe6 23. Rfe1 Qf7 24. b3 e4 25. Bc2 Bc3 26. Rf1 d5 27. Qe3 d4 28.
Qg5 d3 29. Bb1 a4 30. Qe3 axb3 31. axb3 Bd4 32. Qf4 b5 33. cxb5 Bxb3 34. Rc1
Bc4 35. Rfd1 Bb2 36. Qd2 Bxc1 37. Qxc1 Bxb5 38. Qg5 Rdb8 39. Kh1 Ba4 40. Rf1
Rb2 41. Qf4 d2 42. Bxe4 Qc4 43. Rg1 d1=Q 44. Qe5 Qdd4 45. Qxd4 Qxd4 46. Bxa8
Rxf2 47. Re1 Qh4 48. Bd5+ Kh8 49. Be3 Rb2 50. Ra1 Re2 51. Bc5 Re5 52. g3 Qg4
53. Bg2 Rxc5 54. Rb1 Qe2 55. h3 Rc2 56. Rg1 Bc6 57. Kh2 Bxg2 58. Re1 Qxe1 59.
g4 59... Bf3# {Hossa checkmated} 0-1

[Event "ICS rated blitz match"]
[Site "207.99.83.229"]
[Date "1999.07.15"]
[Round "?"]
[White "occam"]
[Black "Hossa"]
[Result "0-1"]
[WhiteElo "2334"]
[BlackElo "2310"]
[PlyCount "128"]
[EventDate "1999.??.??"]

1. d4 d5 2. c4 e6 3. cxd5 exd5 4. Nc3 Nf6 5. Nf3 c6 6. a3 Be7 7. e3 O-O 8. b4
Nbd7 9. Ne5 Nxe5 10. dxe5 Nd7 11. f4 Qb6 12. Qc2 a5 13. b5 Kh8 14. bxc6 bxc6
15. Rb1 Qc5 16. Bd3 Ba6 17. Bxa6 Rxa6 18. Qd2 Bh4+ 19. g3 Be7 20. Rb7 Nb6 21.
O-O a4 22. Qc2 Raa8 23. Qd3 Rfb8 24. Rc7 Rc8 25. Rxc8+ Rxc8 26. Kh1 Rd8 27. Rf2
Kg8 28. Rc2 Qa5 29. Rb2 Nc4 30. Rb7 Bxa3 31. Bxa3 Nxa3 32. Qf5 Rf8 33. Qd3 Qc5
34. e4 dxe4 35. Nxe4 Qc1+ 36. Kg2 Qc2+ 37. Nf2 Qxd3 38. Nxd3 Nc2 39. Nb4 Nxb4
40. Rxb4 Ra8 41. Rb2 a3 42. Ra2 Kf8 43. Kf3 c5 44. Ke4 Ra4+ 45. Kd5 Ra5 46. Kc6
c4 47. h4 c3 48. Kd6 Ra8 49. e6 fxe6 50. f5 exf5 51. Ra1 c2 52. Ke6 g6 53. g4
Rb8 54. gxf5 Rb1 55. Rxa3 Re1+ 56. Kf6 c1=Q 57. Ra8+ Re8 58. Rxe8+ Kxe8 59.
fxg6 Qf4+ 60. Kg7 hxg6 61. Kxg6 Ke7 62. Kh5 Qg3 63. Kh6 Kf6 64. h5 64... Qg7# {
occam checkmated} 0-1

[Event "ICS rated blitz match"]
[Site "207.99.83.229"]
[Date "1999.07.15"]
[Round "?"]
[White "Hossa"]
[Black "ulun"]
[Result "1-0"]
[WhiteElo "2327"]
[BlackElo "2180"]
[PlyCount "51"]
[EventDate "1999.??.??"]

1. d4 Nf6 2. c4 e6 3. Nc3 Bb4 4. Bg5 h6 5. Bh4 g5 6. Bg3 Ne4 7. Qc2 Bxc3+ 8.
bxc3 f5 9. Nf3 b6 10. O-O-O Bb7 11. e3 Nc6 12. d5 Na5 13. dxe6 d6 14. Nd4 Qf6
15. f3 Nxg3 16. hxg3 O-O-O 17. Qxf5 Qe7 18. Qg6 Rde8 19. Rxh6 Rxh6 20. Qxh6 c5
21. Nf5 Qxe6 22. Qxg5 Kb8 23. Rxd6 Qe5 24. Rd8+ Rxd8 25. Qxd8+ Bc8 26. Qd6+ {
ulun resigns} 1-0

[Event "ICS rated blitz match"]
[Site "207.99.83.229"]
[Date "1999.07.15"]
[Round "?"]
[White "luzvermelha"]
[Black "Hossa"]
[Result "1-0"]
[WhiteElo "2198"]
[BlackElo "2337"]
[PlyCount "87"]
[EventDate "1999.??.??"]

1. e4 Nf6 2. Nc3 d6 3. d4 Nbd7 4. f4 Nb6 5. Nf3 d5 6. Bd3 Bg4 7. e5 Nfd7 8. O-O
e6 9. Ne2 Be7 10. c3 c5 11. Kh1 O-O 12. h3 Bh5 13. g4 Bg6 14. f5 exf5 15. gxf5
Bh5 16. Nf4 Bxf3+ 17. Qxf3 cxd4 18. cxd4 Bh4 19. f6 g5 20. Nh5 Re8 21. Qf5 Nf8
22. Bxg5 Ng6 23. Bxh4 Nc4 24. Bg3 Ne3 25. Qg5 Qc8 26. Kh2 Nxf1+ 27. Rxf1 Kh8
28. Bxg6 Rg8 29. Nf4 Qc4 30. Qh4 fxg6 31. f7 g5 32. fxg8=Q+ Rxg8 33. Qh6 gxf4
34. Qf6+ Rg7 35. Rxf4 Qxa2 36. e6 h5 37. e7 Kh7 38. e8=Q Qxb2+ 39. Rf2 Qxf2+
40. Bxf2 b5 41. Qxh5+ Kg8 42. Qe6+ Rf7 43. Qhxf7+ Kh8 44. Qee8# {
Hossa checkmated} 1-0